00484nam a2200193 a 4500001001300000003000900013005001700022008004100039020000900080082001600089100001900105245001900124260003000143300000800173500003500181505003700216650001800253700001900271nice12345678IN_TiNIC20260116012505.0050524s1982 dela grp 000 0 eng  ac1000a297.52bKIT aKitab Bhavan,  aAl-Hizbul Azam aDelhibKitab Bhavanc1982 a69p aincludes index and biblioraphy2 aGlossary, Bibliography and index aIslam-Prayers1 aKitab Bhavan,